| 000 | 00617nam a2200205 a 4500 | ||
|---|---|---|---|
| 001 | 000034412 | ||
| 005 | 20200930073703.0 | ||
| 008 | 111004s2001 sp 000 0 spa d | ||
| 020 | _a847118298X | ||
| 040 |
_aDO-SdBNP _bspa _cBNPHU |
||
| 082 |
_axxxx _bA898v |
||
| 100 | 1 |
_aAuclair, Marcelle, _d1899- _959834 |
|
| 245 | 1 | 3 |
_aLa vida de Santa Teresa de Jesús / _cMarcelle Auclair ; traducción Jeaquín Esteban Perruca. |
| 250 | _a13a ed. | ||
| 260 |
_aMadrid : _bArcaduz, _c2001. |
||
| 300 |
_a513 p. ; _c22cm. |
||
| 490 | 1 |
_aArcaduz _vno 15 |
|
| 700 | 1 |
_aEsteban Perruca, Jeaquín, _etrad. _959835 |
|
| 049 | _aBNPD | ||
| 999 |
_c33903 _d33903 |
||